LDR 01233naa#a2200229#i#450# 001 RU\\bibl\123622 005 20260608003106.1 011 ## _a2076-0655 100 ## _a20260529b2026####ek#y0rusy0150####ca 101 0# _aRUS 102 ## _aRU 200 1# _aИССЛЕДОВАНИЕ КОРРОЗИОННОЙ УСТОЙЧИВОСТИ СМЕШАННЫХ ЦЕМЕНТОВ С КОМПЛЕКСНЫМ ЦЕОЛИТОВЫМ МОДИФИКАТОРОМ _eЖурнальная статья 210 1# _aМосква _cИндивидуальный Предприниматель Самченко Светлана Васильевна _d2026 215 ## _a11 с. 608 ## _aЖурнальная статья _2local 675 ## _aПрочие цементы и смеси цементов. 666.949 _aЦементы. Вяжущие вещества, содержащие пуццоланы. 691.54 _zRUS 700 #1 _aКозлова _gИрина Васильевна 700 #1 _aСинотова _gМария Вячеславовна 700 #1 _aЗемскова _gОльга Викторовна 700 #1 _aБорисенков _gНикита Сергеевич 700 #1 _aЗалазаева _gАлександра Николаевна 856 4# _atsilicates.ru _u